000
00327nam a2200145Ia 4500
100
_a
Ramamurti/V
942
_c
BK
366
_f
20
654
_a
vibration
245
_a
Mechanical vibration practice and noise control
260
_b
Narosa Publication House
_c
2008
082
_a
620.3/RAM
546
_a
ENGLISH
999
_c
23184
_d
23184